[Event "POL-chT 2nd League"]
[Site "Jastrzebia Gora"]
[Date "2023.09.03"]
[Round "2.121"]
[White "Bielinski, Dariusz"]
[Black "Banasik, Krzysztof"]
[Result "1/2-1/2"]
[WhiteElo "2129"]
[BlackElo "2211"]
[PlyCount "31"]
[EventDate "2023.09.02"]
[EventType "team-swiss"]
[EventRounds "9"]
[EventCountry "POL"]
[SourceTitle "EXT 2024"]
[Source "ChessBase"]
[SourceDate "2023.10.10"]
[SourceVersion "1"]
[SourceVersionDate "2023.10.10"]
[SourceQuality "1"]
[WhiteTeam "Lubsko Caissa"]
[BlackTeam "Nysa Gekon"]
[WhiteTeamCountry "POL"]
[BlackTeamCountry "POL"]

1. d4 Nf6 2. Nf3 g6 3. Nbd2 d5 4. e3 Bg7 5. b4 0-0 6. c4 b6 7. Bb2 a5 8. b5 c6 9. bxc6 Nxc6 10. Be2 Bf5 11. 0-0 a4 12. a3 Ne4 13. cxd5 Qxd5 14. Nc4 Rfb8 15. Rc1 b5 16. Nce5 1/2-1/2

[Event "Jesenik op-A"]
[Site "Jesenik"]
[Date "2023.08.26"]
[Round "8"]
[White "Vrana, Frantisek"]
[Black "Banasik, Krzysztof"]
[Result "1/2-1/2"]
[WhiteElo "2190"]
[BlackElo "2197"]
[PlyCount "111"]
[EventDate "2023.08.19"]
[EventType "swiss"]
[EventRounds "9"]
[EventCountry "CZE"]
[SourceTitle "EXT 2024"]
[Source "ChessBase"]
[SourceDate "2023.10.10"]
[SourceVersion "1"]
[SourceVersionDate "2023.10.10"]
[SourceQuality "1"]

1. e4 c5 2. Nf3 d6 3. g3 Nf6 4. Nc3 g6 5. d4 cxd4 6. Nxd4 Bd7 7. Bg2 Nc6 8. Nde2 Bg7 9. 0-0 h5 10. h4 Rc8 11. Nd5 Nxd5 12. exd5 Ne5 13. a4 Bg4 14. Ra3 0-0 15. Rb3 Qc7 16. Rc3 Qb6 17. Rxc8 Rxc8 18. b3 Qc5 19. Be4 Bh3 20. Be3 Qb4 21. c4 Bxf1 22. Kxf1 Ng4 23. Bd4 Bxd4 24. Nxd4 Qc3 25. Ne2 Qb2 26. Bf3 Nh2+ 27. Kg2 Nxf3 28. Kxf3 a6 29. Nd4 Kg7 30. Qd3 Re8 31. Qe4 Kg8 32. Kg2 Qc3 33. Kh2 Qd2 34. Kg2 Qd1 35. Qe3 Kh7 36. Qf4 Kg8 37. Qe3 e5 38. Nf3 Qc2 39. a5 f6 40. Qb6 e4 41. Nd4 Qd2 42. Ne6 e3 43. Qc7 Qxf2+ 44. Kh1 Qe1+ 45. Kg2 Qe2+ 46. Kg1 Qd1+ 47. Kg2 Qc2+ 48. Kg1 Qb1+ 49. Kh2 Qb2+ 50. Kh1 f5 51. Qd7 Ra8 52. Ng5 Qg7 53. Qe6+ Kh8 54. Nf7+ Kh7 55. Ng5+ Kh8 56. Nf7+ 1/2-1/2

[Event "Jesenik Rapid op"]
[Site "Jesenik"]
[Date "2023.08.18"]
[Round "2"]
[White "Banasik, Krzysztof"]
[Black "Saur, Frantisek"]
[Result "1-0"]
[WhiteElo "2185"]
[BlackElo "1710"]
[PlyCount "61"]
[EventDate "2023.08.18"]
[EventType "swiss (rapid)"]
[EventRounds "9"]
[EventCountry "CZE"]
[SourceTitle "EXT 2024"]
[Source "ChessBase"]
[SourceDate "2023.10.10"]
[SourceVersion "1"]
[SourceVersionDate "2023.10.10"]
[SourceQuality "1"]

1. e4 c6 2. d3 d5 3. Nd2 dxe4 4. dxe4 e5 5. Ngf3 Bg4 6. c3 Nd7 7. Bc4 Ngf6 8. 0-0 Be7 9. a4 0-0 10. Re1 a5 11. h3 Bh5 12. Nf1 Bg6 13. Ng3 Qc7 14. Nh4 Nc5 15. Qf3 Rad8 16. Ngf5 Nh5 17. Qg4 Nf6 18. Nxe7+ Qxe7 19. Nxg6 Nxg4 20. Nxe7+ Kh8 21. hxg4 g6 22. b4 axb4 23. cxb4 Nd3 24. Bxd3 Rxd3 25. b5 Re8 26. Bg5 h6 27. Bf6+ Kh7 28. Rad1 Rxd1 29. Rxd1 g5 30. bxc6 bxc6 31. Rd6 1-0

[Event "Jesenik Rapid op"]
[Site "Jesenik"]
[Date "2023.08.18"]
[Round "5"]
[White "Banasik, Krzysztof"]
[Black "Zilka, Stepan"]
[Result "1/2-1/2"]
[WhiteElo "2185"]
[BlackElo "2470"]
[PlyCount "87"]
[EventDate "2023.08.18"]
[EventType "swiss (rapid)"]
[EventRounds "9"]
[EventCountry "CZE"]
[SourceTitle "EXT 2024"]
[Source "ChessBase"]
[SourceDate "2023.10.10"]
[SourceVersion "1"]
[SourceVersionDate "2023.10.10"]
[SourceQuality "1"]

1. e4 e5 2. Nf3 Nc6 3. Bc4 Nf6 4. d3 Bc5 5. c3 a6 6. 0-0 Ba7 7. Nbd2 0-0 8. Bb3 d6 9. Nc4 Ne7 10. Bg5 Ng6 11. Nh4 Kh8 12. Qf3 h6 13. Bxf6 Nxh4 14. Bxh4 Qxh4 15. Ne3 Bd7 16. Rad1 Rae8 17. Bc2 Bxe3 18. Qxe3 f5 19. exf5 Rxf5 20. d4 Rg5 21. f4 Rh5 22. Qg3 Qxg3 23. hxg3 e4 24. Rde1 d5 25. Bd1 Rf5 26. Bg4 Rf7 27. Bh5 Rfe7 28. Bxe8 Rxe8 29. Kf2 Kg8 30. Ke3 Kf7 31. Rh1 Bg4 32. Rh4 h5 33. Reh1 Kg6 34. Rc1 b5 35. a3 Rb8 36. Rch1 a5 37. Rxg4+ hxg4 38. Rh4 b4 39. axb4 axb4 40. Rxg4+ Kf6 41. Rg5 c6 42. Kd2 bxc3+ 43. Kxc3 Rh8 44. Kb4 1/2-1/2

[Event "Jesenik Rapid op"]
[Site "Jesenik"]
[Date "2023.08.18"]
[Round "6"]
[White "Slovak, Kilian"]
[Black "Banasik, Krzysztof"]
[Result "1-0"]
[WhiteElo "2176"]
[BlackElo "2185"]
[PlyCount "69"]
[EventDate "2023.08.18"]
[EventType "swiss (rapid)"]
[EventRounds "9"]
[EventCountry "CZE"]
[SourceTitle "EXT 2024"]
[Source "ChessBase"]
[SourceDate "2023.10.10"]
[SourceVersion "1"]
[SourceVersionDate "2023.10.10"]
[SourceQuality "1"]

1. e4 e6 2. d4 d5 3. Nc3 dxe4 4. Nxe4 Nd7 5. Nf3 Ngf6 6. Nxf6+ Nxf6 7. Bd3 c5 8. Be3 cxd4 9. Bxd4 Be7 10. 0-0 0-0 11. Qe2 Qa5 12. Ne5 Qc7 13. Rfe1 Bc5 14. Bc3 Nd5 15. Bd2 Bd6 16. c4 Bxe5 17. Qxe5 Qxe5 18. Rxe5 Nf6 19. Bc3 Bd7 20. Rg5 Ne8 21. Rd1 Bc6 22. Bb4 f6 23. Rh5 g6 24. Rxh7 Kxh7 25. Bxf8 Kg8 26. Bc5 Kf7 27. f3 a5 28. b3 f5 29. Kf2 Nf6 30. a3 Nd7 31. Be3 e5 32. c5 Nf6 33. Bc4+ Kg7 34. Rd6 Re8 35. Bd2 1-0

[Event "Lazy Baltic Pearl op-A 18th"]
[Site "Lazy"]
[Date "2022.07.03"]
[Round "8"]
[White "Gradalski, Olaf"]
[Black "Banasik, Krzysztof"]
[Result "0-1"]
[WhiteElo "2049"]
[BlackElo "2199"]
[PlyCount "84"]
[EventDate "2022.06.26"]
[EventType "swiss"]
[EventRounds "9"]
[EventCountry "POL"]
[SourceTitle "CBM 209 Extra"]
[Source "ChessBase"]
[SourceDate "2022.09.30"]
[SourceVersion "1"]
[SourceVersionDate "2022.09.30"]
[SourceQuality "1"]

1. e4 e6 2. d4 d5 3. e5 c5 4. c3 Nc6 5. Nf3 Qb6 6. a3 Bd7 7. b4 cxd4 8. cxd4 Rc8 9. Be2 Nge7 10. 0-0 Nf5 11. Bb2 Be7 12. g4 Nh4 13. Nxh4 Bxh4 14. Qd3 f6 15. b5 Ne7 16. a4 fxe5 17. dxe5 Ng6 18. Bd4 Nf4 19. Bxb6 Nxd3 20. Bxa7 Nf4 21. Ra2 Nxe2+ 22. Rxe2 Rc4 23. Ra2 0-0 24. h3 Bg5 25. Kg2 Bf4 26. Nd2 Bxd2 27. Rxd2 Rxa4 28. Bc5 Rc8 29. Bd6 Bxb5 30. Rb1 Bc6 31. Kg3 Rca8 32. f4 Ra2 33. Rxa2 Rxa2 34. f5 Kf7 35. Rb4 Ra3+ 36. Kh4 Rf3 37. fxe6+ Kxe6 38. Kg5 Be8 39. Kh4 Bc6 40. Kg5 Rxh3 41. Rf4 Be8 42. Rf8 h6+ 0-1

[Event "Lazy Baltic Pearl op-A 18th"]
[Site "Lazy"]
[Date "2022.07.01"]
[Round "6"]
[White "Banasik, Krzysztof"]
[Black "Krainski, Aleksander"]
[Result "1/2-1/2"]
[WhiteElo "2199"]
[BlackElo "2053"]
[PlyCount "45"]
[EventDate "2022.06.26"]
[EventType "swiss"]
[EventRounds "9"]
[EventCountry "POL"]
[SourceTitle "CBM 209 Extra"]
[Source "ChessBase"]
[SourceDate "2022.09.30"]
[SourceVersion "1"]
[SourceVersionDate "2022.09.30"]
[SourceQuality "1"]

1. e4 e6 2. d4 d5 3. e5 Ne7 4. Nf3 c5 5. c3 Nbc6 6. Bd3 cxd4 7. cxd4 Nf5 8. Bxf5 exf5 9. Nc3 Be6 10. Qb3 Qd7 11. h4 Be7 12. Bg5 Bf8 13. Rc1 h6 14. Bd2 Be7 15. Ne2 0-0 16. 0-0 Rfc8 17. Nf4 a5 18. a4 Nb4 19. Bc3 Qd8 20. h5 Qd7 21. g3 Rc4 22. Ra1 Rac8 23. Nd2 1/2-1/2

[Event "CZE-chT2F 2122"]
[Site "Czech Republic"]
[Date "2021.12.05"]
[Round "4.1"]
[White "Mica, Marek"]
[Black "Banasik, Krzysztof"]
[Result "1/2-1/2"]
[WhiteElo "2322"]
[BlackElo "2249"]
[PlyCount "76"]
[EventDate "2021.10.17"]
[EventType "team-tourn"]
[EventRounds "11"]
[EventCountry "CZE"]
[SourceTitle "EXT 2024"]
[Source "ChessBase"]
[SourceDate "2023.10.10"]
[SourceVersion "1"]
[SourceVersionDate "2023.10.10"]
[SourceQuality "1"]
[WhiteTeam "Frydek Mistek III"]
[BlackTeam "Litovel Tatran"]
[WhiteTeamCountry "CZE"]
[BlackTeamCountry "CZE"]

1. c4 Nf6 2. Nf3 g6 3. Nc3 Bg7 4. d4 0-0 5. e4 d6 6. Be2 Nc6 7. 0-0 e5 8. d5 Ne7 9. Ne1 Nd7 10. Be3 f5 11. f3 f4 12. Bf2 g5 13. Rc1 Ng6 14. c5 a6 15. Nd3 h5 16. Na4 Bh6 17. Qb3 Rf7 18. Rc3 Bf8 19. Rfc1 Nf6 20. cxd6 Bxd6 21. Qc2 g4 22. Nb6 Rb8 23. Nxc8 Rxc8 24. Nc5 g3 25. hxg3 fxg3 26. Bxg3 Bxc5+ 27. Rxc5 h4 28. Bh2 Qd6 29. Qb3 Rb8 30. Rxc7 Rxc7 31. Rxc7 Nh5 32. Rc2 Ngf4 33. Bf1 Kh8 34. Qa3 Qf6 35. Qb4 Ng3 36. Rc7 Qg5 37. Kf2 Nh1+ 38. Kg1 Nh3+ 1/2-1/2

[Event "CZE-chT2F 2122"]
[Site "Czech Republic"]
[Date "2021.11.07"]
[Round "2.2"]
[White "Banasik, Krzysztof"]
[Black "Sramek, Vojtech"]
[Result "1/2-1/2"]
[WhiteElo "2249"]
[BlackElo "2208"]
[PlyCount "86"]
[EventDate "2021.10.17"]
[EventType "team-tourn"]
[EventRounds "11"]
[EventCountry "CZE"]
[SourceTitle "EXT 2024"]
[Source "ChessBase"]
[SourceDate "2023.10.10"]
[SourceVersion "1"]
[SourceVersionDate "2023.10.10"]
[SourceQuality "1"]
[WhiteTeam "Litovel Tatran"]
[BlackTeam "Orlova Slavia II"]
[WhiteTeamCountry "CZE"]
[BlackTeamCountry "CZE"]

1. Nf3 c5 2. g3 Nc6 3. d4 cxd4 4. Nxd4 g6 5. Nb3 Bg7 6. Bg2 Nf6 7. 0-0 0-0 8. c4 d6 9. Nc3 Ne5 10. c5 dxc5 11. Qxd8 Rxd8 12. Nxc5 Rb8 13. Bf4 Nh5 14. Rfd1 Re8 15. Bxe5 Bxe5 16. Nd7 Bxd7 17. Rxd7 Nf6 18. Rd3 Red8 19. Rad1 Rxd3 20. Rxd3 Kf8 21. f4 Bd6 22. Ne4 Nxe4 23. Bxe4 Rc8 24. Kf2 b6 25. Rd2 Rc4 26. Bd3 Rc1 27. Be4 Rc4 28. Bd3 Rc1 29. Be4 Kg7 30. Rc2 Rd1 31. e3 Bc5 32. Ke2 Ra1 33. b3 e6 34. Bd3 Rh1 35. Kf3 h5 36. Bc4 Kh6 37. h4 Re1 38. Re2 Rf1+ 39. Rf2 Rc1 40. Rd2 Rc3 41. Rd3 Rc2 42. Rd7 Rc3 43. Rd3 Rxd3 1/2-1/2

[Event "CZE-chT2F 2122"]
[Site "Czech Republic"]
[Date "2021.10.17"]
[Round "1.2"]
[White "Banasik, Krzysztof"]
[Black "Hrabal, Matej"]
[Result "1-0"]
[WhiteElo "2238"]
[BlackElo "1977"]
[PlyCount "59"]
[EventDate "2021.10.17"]
[EventType "team-tourn"]
[EventRounds "11"]
[EventCountry "CZE"]
[SourceTitle "EXT 2024"]
[Source "ChessBase"]
[SourceDate "2023.10.10"]
[SourceVersion "1"]
[SourceVersionDate "2023.10.10"]
[SourceQuality "1"]
[WhiteTeam "Litovel Tatran"]
[BlackTeam "Prostejov"]
[WhiteTeamCountry "CZE"]
[BlackTeamCountry "CZE"]

1. e4 e5 2. Nf3 Nc6 3. Bc4 Nf6 4. d3 Bc5 5. c3 d6 6. Nbd2 a6 7. Bb3 Ba7 8. Nf1 Ne7 9. Ng3 Ng6 10. h3 h6 11. 0-0 0-0 12. d4 Re8 13. Re1 c6 14. Be3 exd4 15. Nxd4 Nxe4 16. Nxe4 Rxe4 17. Bxf7+ Kxf7 18. Qf3+ Rf4 19. Bxf4 Qf6 20. Qe2 Bd7 21. Bg3 Kg8 22. Rad1 Rf8 23. Rd3 Bxd4 24. Rxd4 d5 25. Rd3 Nf4 26. Bxf4 Qxf4 27. Rf3 Qg5 28. Rxf8+ Kxf8 29. Qe3 Qf6 30. Qb6 1-0

[Event "Opole Termika Blitz op"]
[Site "Opole"]
[Date "2021.07.18"]
[Round "12"]
[White "Madrawski, Krzysztof"]
[Black "Banasik, Krzysztof"]
[Result "0-1"]
[WhiteElo "1999"]
[BlackElo "2209"]
[PlyCount "69"]
[EventDate "2021.07.18"]
[EventType "swiss (blitz)"]
[EventRounds "13"]
[EventCountry "POL"]
[SourceTitle "CBM 203 Extra"]
[Source "ChessBase"]
[SourceDate "2021.09.30"]
[SourceVersion "1"]
[SourceVersionDate "2021.09.30"]
[SourceQuality "1"]

1. e4 c5 2. Nf3 d6 3. d4 cxd4 4. Nxd4 Nf6 5. Nc3 a6 6. h3 e5 7. Nde2 h5 8. g3 Be6 9. Bg2 b5 10. 0-0 Be7 11. f4 Nbd7 12. Be3 0-0 13. f5 Bc4 14. b3 Bxe2 15. Qxe2 Rc8 16. Nd5 Nxd5 17. exd5 Bg5 18. Bf2 Nf6 19. Bf3 Qc7 20. h4 Bh6 21. Bxh5 Qxc2 22. Qxc2 Rxc2 23. Bd1 Rd2 24. g4 Bf4 25. Be1 Rxd5 26. g5 Ne4 27. a4 Rc8 28. axb5 axb5 29. g6 Rd3 30. Bh5 fxg6 31. fxg6 Ng3 32. Bg4 Rf8 33. Be6+ Kh8 34. Rxf4 exf4 35. Ra5 0-1

[Event "Opole Termika Blitz op"]
[Site "Opole"]
[Date "2021.07.18"]
[Round "8"]
[White "Przybylski, Wojciech"]
[Black "Banasik, Krzysztof"]
[Result "0-1"]
[WhiteElo "2321"]
[BlackElo "2209"]
[PlyCount "116"]
[EventDate "2021.07.18"]
[EventType "swiss (blitz)"]
[EventRounds "13"]
[EventCountry "POL"]
[SourceTitle "CBM 203 Extra"]
[Source "ChessBase"]
[SourceDate "2021.09.30"]
[SourceVersion "1"]
[SourceVersionDate "2021.09.30"]
[SourceQuality "1"]

1. e4 c5 2. Nf3 d6 3. Bb5+ Bd7 4. a4 a6 5. Bc4 e6 6. 0-0 Nf6 7. Nc3 Be7 8. Re1 Nc6 9. d3 0-0 10. h3 Rb8 11. d4 cxd4 12. Nxd4 Nxd4 13. Qxd4 b5 14. axb5 axb5 15. Bd3 b4 16. Ne2 e5 17. Qe3 Be6 18. b3 g6 19. f4 exf4 20. Nxf4 Qb6 21. Qxb6 Rxb6 22. Nxe6 fxe6 23. e5 dxe5 24. Rxe5 Nd5 25. Bh6 Bf6 26. Bxf8 Bxe5 27. Ra8 Rb8 28. Rxb8 Bxb8 29. Bc5 Be5 30. Kf2 Bc3 31. Kf3 Kf7 32. Bc4 Nf6 33. g4 Nd7 34. Bd6 Ne5+ 35. Ke4 Nxc4 36. bxc4 Ke8 37. Kd3 Kd7 38. c5 Kc6 39. Kc4 Be1 40. Be5 Bd2 41. Bg3 Bc3 42. Bh4 Bd2 43. Bd8 Be3 44. Be7 Bd2 45. Bf8 Be1 46. Bd6 Bd2 47. Be7 Be1 48. Bd8 Bf2 49. Ba5 Bxc5 50. Bxb4 Bxb4 51. Kxb4 Kd5 52. Kc3 Ke4 53. Kc4 e5 54. c3 Kf3 55. Kd5 e4 56. c4 e3 57. c5 e2 58. c6 e1Q 0-1

[Event "POL-chT 2nd League"]
[Site "Jastrzebia Gora"]
[Date "2019.09.15"]
[Round "9.19"]
[White "Kukula, Pawel"]
[Black "Banasik, Krzysztof"]
[Result "1/2-1/2"]
[WhiteElo "2195"]
[BlackElo "2230"]
[PlyCount "89"]
[EventDate "2019.09.07"]
[EventType "team-swiss"]
[EventRounds "9"]
[EventCountry "POL"]
[SourceTitle "EXT 2020"]
[Source "ChessBase"]
[SourceDate "2019.10.17"]
[SourceVersion "1"]
[SourceVersionDate "2019.10.17"]
[SourceQuality "1"]
[WhiteTeam "Grudziadz Rotmistrz"]
[BlackTeam "Zarzewie Prudnik"]
[WhiteTeamCountry "POL"]
[BlackTeamCountry "POL"]

1. d4 Nf6 2. c4 g6 3. Nc3 d5 4. cxd5 Nxd5 5. Bd2 Nb6 6. e3 Bg7 7. Nf3 0-0 8. Be2 Nc6 9. 0-0 e5 10. dxe5 Nxe5 11. Nxe5 Bxe5 12. Qc2 c6 13. f4 Bg7 14. e4 Be6 15. f5 Bc4 16. Bf4 Qd4+ 17. Kh1 Bxe2 18. Qxe2 Rfe8 19. Rad1 Qc4 20. fxg6 hxg6 21. Qf2 Rad8 22. Rxd8 Rxd8 23. Bg5 Rd7 24. Bf6 Bxf6 25. Qxf6 Qe6 26. Qf2 Nc4 27. Re1 Qe5 28. h3 b5 29. Kg1 a5 30. Rf1 Kg7 31. Kh1 a4 32. a3 f6 33. Re1 Rd2 34. Re2 Rxe2 35. Qxe2 Qf4 36. Qd1 Ne5 37. Qc2 Qe3 38. Kh2 Qf4+ 39. Kh1 Qf1+ 40. Kh2 Kf7 41. Qd2 Kg7 42. Qd4 Qf4+ 43. Kh1 Qc1+ 44. Nd1 Qc4 45. Qxc4 1/2-1/2

[Event "POL-chT 2nd League"]
[Site "Jastrzebia Gora"]
[Date "2019.09.10"]
[Round "4.22"]
[White "Banasik, Krzysztof"]
[Black "Sobolewski, Piotr"]
[Result "1-0"]
[WhiteElo "2230"]
[BlackElo "2008"]
[PlyCount "119"]
[EventDate "2019.09.07"]
[EventType "team-swiss"]
[EventRounds "9"]
[EventCountry "POL"]
[SourceTitle "EXT 2020"]
[Source "ChessBase"]
[SourceDate "2019.10.17"]
[SourceVersion "1"]
[SourceVersionDate "2019.10.17"]
[SourceQuality "1"]
[WhiteTeam "Zarzewie Prudnik"]
[BlackTeam "Lipusz WDA"]
[WhiteTeamCountry "POL"]
[BlackTeamCountry "POL"]

1. d4 e6 2. e4 d5 3. e5 Ne7 4. Nf3 b6 5. c3 Qd7 6. Be2 Ba6 7. 0-0 c5 8. b3 Bxe2 9. Qxe2 Nbc6 10. Ba3 Ng6 11. Qe3 cxd4 12. cxd4 Be7 13. Rc1 0-0 14. h4 Rfc8 15. h5 Nh4 16. Nxh4 Bxh4 17. Nc3 Ne7 18. g4 Rc6 19. Ne2 Rac8 20. Qh3 g5 21. Qf3 Rxc1+ 22. Rxc1 Rxc1+ 23. Bxc1 Nc6 24. Qf6 Qe7 25. Qxe7 Nxe7 26. Kg2 Nc6 27. Be3 f6 28. exf6 Kf7 29. Ng1 Kxf6 30. Nf3 Nb4 31. a4 Nc2 32. Bd2 a6 33. Kf1 Na1 34. b4 b5 35. a5 Nc2 36. Bc3 Na3 37. Ne5 Nc4 38. Nd7+ Ke7 39. Nb8 Nd6 40. Be1 Ne4 41. Nxa6 Kd6 42. Nc5 Nf6 43. f3 Bxe1 44. Kxe1 Ne8 45. Nd3 Nc7 46. Kd2 Ke7 47. Nc5 Kd6 48. Ke3 e5 49. a6 exd4+ 50. Kxd4 Kc6 51. a7 Kd6 52. Nb7+ Kc6 53. Nd8+ Kb6 54. Nf7 Kxa7 55. Nxg5 Kb6 56. Nxh7 Kc6 57. Ke5 Na6 58. Nf8 Nxb4 59. h6 Nd3+ 60. Kd4 1-0

[Event "POL-chT 2nd League"]
[Site "Jastrzebia Gora"]
[Date "2019.09.07"]
[Round "1.12"]
[White "Molenda, Marcin"]
[Black "Banasik, Krzysztof"]
[Result "1-0"]
[WhiteElo "2373"]
[BlackElo "2230"]
[PlyCount "79"]
[EventDate "2019.09.07"]
[EventType "team-swiss"]
[EventRounds "9"]
[EventCountry "POL"]
[SourceTitle "EXT 2020"]
[Source "ChessBase"]
[SourceDate "2019.10.17"]
[SourceVersion "1"]
[SourceVersionDate "2019.10.17"]
[SourceQuality "1"]
[WhiteTeam "Jastrzebie Zdroj Pionier"]
[BlackTeam "Zarzewie Prudnik"]
[WhiteTeamCountry "POL"]
[BlackTeamCountry "POL"]

1. d4 Nf6 2. Nf3 g6 3. c4 Bg7 4. g3 d5 5. cxd5 Nxd5 6. Bg2 Nb6 7. 0-0 Nc6 8. e3 e5 9. Nc3 0-0 10. d5 Na5 11. e4 c6 12. Bg5 Bf6 13. Bxf6 Qxf6 14. b3 Bg4 15. h3 Bxf3 16. Bxf3 Rfd8 17. Qe2 c5 18. Bg4 h5 19. Bf3 Nc8 20. Bg2 Nd6 21. f4 b6 22. f5 Qg5 23. Qf2 b5 24. h4 Qg4 25. Kh2 gxf5 26. Bh3 Nxe4 27. Qe3 Qxg3+ 28. Qxg3+ Nxg3 29. Kxg3 b4 30. Ne2 f4+ 31. Kf2 c4 32. Rg1+ Kf8 33. Rg5 cxb3 34. Rxe5 Nc4 35. Rxh5 bxa2 36. Rxa2 b3 37. Ra4 b2 38. Nc3 Ne3 39. Rb4 Rab8 40. Rxb8 1-0

[Event "Jesenik op"]
[Site "Jesenik"]
[Date "2019.08.24"]
[Round "8"]
[White "Banasik, Krzysztof"]
[Black "Karlik, Vladimir"]
[Result "1-0"]
[WhiteElo "2247"]
[BlackElo "2108"]
[PlyCount "53"]
[EventDate "2019.08.17"]
[EventType "swiss"]
[EventRounds "9"]
[EventCountry "CZE"]
[SourceTitle "EXT 2020"]
[Source "ChessBase"]
[SourceDate "2019.10.17"]
[SourceVersion "1"]
[SourceVersionDate "2019.10.17"]
[SourceQuality "1"]

1. a3 g6 2. h4 Nf6 3. c4 Bg7 4. Nc3 e5 5. e4 0-0 6. Be2 Nc6 7. d3 Nd4 8. Nf3 Nxe2 9. Qxe2 d6 10. Nh2 c6 11. g4 Be6 12. f4 exf4 13. Bxf4 Nd7 14. Bxd6 Re8 15. 0-0-0 Ne5 16. c5 Qxh4 17. Nf3 Qxg4 18. Qh2 Nxd3+ 19. Rxd3 h5 20. Rg1 Qh3 21. Qf4 Bc4 22. Re3 Qe6 23. e5 Bd5 24. Nd4 Qd7 25. Nxd5 cxd5 26. Rf3 Rac8 27. Kb1 1-0

[Event "Jesenik op"]
[Site "Jesenik"]
[Date "2019.08.19"]
[Round "3"]
[White "Ros Alonso, Jaume"]
[Black "Banasik, Krzysztof"]
[Result "1-0"]
[WhiteElo "2189"]
[BlackElo "2247"]
[PlyCount "79"]
[EventDate "2019.08.17"]
[EventType "swiss"]
[EventRounds "9"]
[EventCountry "CZE"]
[SourceTitle "EXT 2020"]
[Source "ChessBase"]
[SourceDate "2019.10.17"]
[SourceVersion "1"]
[SourceVersionDate "2019.10.17"]
[SourceQuality "1"]

1. e4 c5 2. Nf3 d6 3. d4 cxd4 4. Nxd4 Nf6 5. Nc3 a6 6. g3 g6 7. Bg2 Bg7 8. 0-0 0-0 9. a4 Bd7 10. Nd5 Nc6 11. Ne2 Rc8 12. Bg5 Nxd5 13. exd5 Ne5 14. Ra2 Bg4 15. h3 Bf3 16. b3 Qd7 17. Qd2 h6 18. Be3 Qf5 19. Nd4 Qe4 20. Bxf3 Nxf3+ 21. Nxf3 Qxf3 22. c4 g5 23. Qd1 Qf5 24. Kh2 Qe4 25. Re1 Qg6 26. Bd4 Rc7 27. Rae2 Bxd4 28. Qxd4 Re8 29. Kg2 Qg7 30. Qg4 Qg6 31. h4 gxh4 32. Qxh4 Qg5 33. Qd4 Qg7 34. Qb6 Rd7 35. Re4 Kh7 36. Qe3 b5 37. Rh1 bxc4 38. bxc4 Rh8 39. Rg4 Qf8 40. Qg5 1-0

[Event "CZE-chT2F 1819"]
[Site "Czech Republic"]
[Date "2019.03.17"]
[Round "10.7"]
[White "Kaminsky, Rudolf"]
[Black "Banasik, Krzysztof"]
[Result "0-1"]
[WhiteElo "2029"]
[BlackElo "2260"]
[PlyCount "108"]
[EventDate "2018.10.14"]
[EventType "team-tourn"]
[EventRounds "11"]
[EventCountry "CZE"]
[SourceTitle "EXT 2022"]
[Source "ChessBase"]
[SourceDate "2021.10.06"]
[SourceVersion "1"]
[SourceVersionDate "2021.10.06"]
[SourceQuality "1"]
[WhiteTeam "Havirov Slovan"]
[BlackTeam "Vrbno pod Pradedem"]
[WhiteTeamCountry "CZE"]
[BlackTeamCountry "CZE"]

1. d4 Nf6 2. Nf3 g6 3. g3 Bg7 4. Bg2 0-0 5. 0-0 d5 6. Nbd2 Nc6 7. c3 Re8 8. Re1 e5 9. Nxe5 Nxe5 10. dxe5 Rxe5 11. Nf3 Re8 12. Bg5 c6 13. Qb3 Qb6 14. Nd2 Be6 15. Qxb6 axb6 16. Be3 Ra6 17. Bd4 Nd7 18. Bxg7 Kxg7 19. Nb3 Nc5 20. Nxc5 bxc5 21. e3 Rea8 22. a3 Rb6 23. Re2 Ra5 24. Rd1 Bf5 25. f3 h5 26. h3 g5 27. Rdd2 Ra4 28. e4 dxe4 29. fxe4 Be6 30. h4 g4 31. e5 Ra5 32. Bf1 c4 33. Re4 Rab5 34. b4 Rd5 35. Rdd4 Ra6 36. Bxc4 Rxd4 37. Rxd4 Bxc4 38. Rxc4 Rxa3 39. Kf2 Ra2+ 40. Ke3 Rg2 41. Kf4 Kg6 42. e6 Rf2+ 43. Ke5 Re2+ 44. Kd6 Rxe6+ 45. Kc7 Re7+ 46. Kd8 Re5 47. Kc7 Rb5 48. Rd4 f6 49. Rd2 Kf5 50. Ra2 Ke4 51. Ra7 f5 52. Rxb7 Rxb7+ 53. Kxb7 f4 54. gxf4 g3 0-1

[Event "Kouty nad Desnou rapid op"]
[Site "Kouty nad Desnou"]
[Date "2018.12.15"]
[Round "3"]
[White "Sergeev, Vladimir"]
[Black "Banasik, Krzysztof"]
[Result "1-0"]
[WhiteElo "2402"]
[BlackElo "2257"]
[PlyCount "59"]
[EventDate "2018.12.15"]
[EventType "swiss (rapid)"]
[EventRounds "9"]
[EventCountry "CZE"]
[SourceTitle "CBM 188 Extra"]
[Source "ChessBase"]
[SourceDate "2019.02.26"]
[SourceVersion "1"]
[SourceVersionDate "2019.02.26"]
[SourceQuality "1"]

1. d4 Nf6 2. Nf3 g6 3. Bg5 Bg7 4. Nbd2 d5 5. e3 0-0 6. Be2 c5 7. c3 Qb6 8. Qb3 c4 9. Qa3 Nc6 10. b3 cxb3 11. axb3 Re8 12. 0-0 e5 13. dxe5 Nxe5 14. Nxe5 Rxe5 15. Bf4 Re8 16. Rac1 Be6 17. Rfd1 Rac8 18. Be5 Ne4 19. Bxg7 Kxg7 20. Nxe4 dxe4 21. c4 a5 22. Rd4 Red8 23. Rcd1 Rxd4 24. exd4 h5 25. h3 Kh7 26. d5 Bf5 27. g4 hxg4 28. hxg4 Bd7 29. Qe7 Be8 30. d6 1-0

[Event "Kouty nad Desnou rapid op"]
[Site "Kouty nad Desnou"]
[Date "2018.12.15"]
[Round "8"]
[White "Zilka, Stepan"]
[Black "Banasik, Krzysztof"]
[Result "1-0"]
[WhiteElo "2528"]
[BlackElo "2257"]
[PlyCount "33"]
[EventDate "2018.12.15"]
[EventType "swiss (rapid)"]
[EventRounds "9"]
[EventCountry "CZE"]
[SourceTitle "CBM 188 Extra"]
[Source "ChessBase"]
[SourceDate "2019.02.26"]
[SourceVersion "1"]
[SourceVersionDate "2019.02.26"]
[SourceQuality "1"]

1. e4 c5 2. Nf3 d6 3. d4 cxd4 4. Nxd4 Nf6 5. Nc3 a6 6. Be3 Ng4 7. Bg5 h6 8. Bh4 g5 9. Bg3 Bg7 10. Be2 Ne5 11. Nf5 Bxf5 12. exf5 Nbc6 13. Nd5 Nd4 14. f6 Qa5+ 15. c3 Nxe2 16. fxg7 Rg8 17. b4 1-0